000 00971nam a2200229Ia 4500
003 OSt
005 20241119110646.0
007 ca aa aaaaa
008 201103s9999 xx 000 0 und d
040 _cSSBUL
041 _abur
082 _223
_a၂၉၄.၃၆၃ ခင်
_b၁၃၁၆၆ S-SAT
100 0 _aခင်မောင်၊ ဦး၊ ဓမ္မာစရိယ-
_915630
100 _96333
245 1 0 _aအောင်ခြင်းရှစ်ပါး /
_cဓမ္မာစရိယ ဦးခင်မောင်။
260 _aရန်ကုန် ၊
_bရွှေပုရပိုက်စာပေ၊
_c၁၉၉၇။
300 _aယ၊ ၁၃၂ စာမျက်နှာ ၊
_bပုံများ(ရောင်စုံ) ၊
_c၁၈ စင်တီ။
500 _aS-SAT: Dr. Sai Aung Tun
650 _aဗုဒ္ဓ
_xအောင်ခြင်းရှစ်ပါး
_955317
650 _97377
942 _cBK1
_2ddc
999 _c41081
_d41081